[Event "V Weekend"]
[Site "Rivarolo Mantovano ITA"]
[Date "2007.10.13"]
[Round "2"]
[White "De Palma, Fabrizio"]
[Black "Moi, Roberto"]
[Result "0-1"]
[WhiteElo "1972"]
[BlackElo "1939"]
[PlyCount "60"]
[EventDate "2007.10.12"]

1. e4 e5 2. Nf3 Nf6 3. Nxe5 Nxe4 4. d4 d5 5. Bd3 Nd7 6. Nf3 Ndf6 7. O-O Bd6 8.
Bg5 Nxg5 9. Nxg5 Bxh2+ 10. Kh1 Bd6 11. Re1+ Be7 12. Qe2 h6 13. Nh3 g5 14. Nc3
Be6 15. f4 Bxh3 16. gxh3 Qd7 17. Bf5 Qd8 18. Qe5 Kf8 19. fxg5 hxg5 20. Bg4 Rh4
21. Bf5 g4 22. Nxd5 Qxd5+ 23. Qxd5 Nxd5 24. Bxg4 Nf6 25. Rg1 Nxg4 26. Rxg4 Rxg4
27. hxg4 Kg7 28. Re1 Rh8+ 29. Kg1 Bd6 30. Re2 Rh3 0-1

[Event "V Weekend"]
[Site "Rivarolo Mantovano ITA"]
[Date "2007.10.13"]
[Round "2"]
[White "La Venia, Stefano"]
[Black "Menini, Luca"]
[Result "1-0"]
[WhiteElo "1808"]
[BlackElo "1616"]
[PlyCount "71"]
[EventDate "2007.10.12"]

1. e4 e6 2. d4 d5 3. Nc3 dxe4 4. Nxe4 Nd7 5. Nf3 Ngf6 6. Bg5 Be7 7. Nxf6+ Nxf6
8. Bd3 a6 9. Ne5 Bd7 10. Qe2 c5 11. dxc5 Qa5+ 12. c3 Qxc5 13. Bxf6 Bxf6 14.
Nxd7 Kxd7 15. O-O Ke7 16. Be4 Qc7 17. Rfd1 Rad8 18. Qf3 b6 19. g3 h6 20. Qe2 b5
21. a4 Rxd1+ 22. Rxd1 Rb8 23. axb5 axb5 24. Bd3 Qe5 25. Qf3 Qc7 26. Be4 Rb6 27.
Bc2 Qb7 28. Qe3 Qc7 29. Qd3 Rb7 30. Qe4 Be5 31. Qh4+ Bf6 32. Qb4+ Ke8 33. Bd3
Qe5 34. Be4 Be7 35. Bc6+ Kf8 36. Rd8# 1-0

[Event "V Weekend"]
[Site "Rivarolo Mantovano ITA"]
[Date "2007.10.13"]
[Round "2"]
[White "Panizzi, Giuseppe"]
[Black "Acciaioli, Fabio"]
[Result "1/2-1/2"]
[WhiteElo "2131"]
[BlackElo "1754"]
[PlyCount "141"]
[EventDate "2007.10.12"]

1. Nf3 Nf6 2. g3 g6 3. Bg2 Bg7 4. O-O O-O 5. d4 c5 6. c4 cxd4 7. Nxd4 Nc6 8.
Nf3 d5 9. cxd5 Qxd5 10. Qa4 Qe4 11. Nc3 Qxa4 12. Nxa4 Bf5 13. Bd2 Ne4 14. Be3
Rac8 15. Nh4 Nd4 16. Nxf5 Nxe2+ 17. Kh1 gxf5 18. Rfe1 Nd4 19. Bxe4 fxe4 20.
Bxd4 Bxd4 21. Rxe4 e5 22. Nc3 f5 23. Re2 Bxc3 24. bxc3 e4 25. Re3 Rfd8 26. Rb1
b6 27. Rb5 Rc5 28. Rxc5 bxc5 29. g4 Rd3 30. Kg2 Kf7 31. Kg3 fxg4 32. Kxg4 Rd2
33. Kg3 Rxa2 34. Rxe4 Rd2 35. f3 Rd7 36. Kf4 Rd3 37. Rc4 Rd5 38. Ra4 Rh5 39.
Rxa7+ Ke6 40. Kg3 Kd5 41. Ra4 Re5 42. Rh4 Rg5+ 43. Rg4 Rf5 44. c4+ Ke5 45. h4
Rf7 46. Re4+ Kd6 47. f4 Rg7+ 48. Kf3 Rg1 49. Re5 Rc1 50. Rd5+ Kc6 51. Rh5 Rxc4
52. Rxh7 Kd6 53. h5 Ke6 54. Kg4 Rc1 55. Rh6+ Kf7 56. Rc6 Kg7 57. Kf5 Rh1 58.
Rc7+ Kh6 59. Kf6 Rxh5 60. f5 Rh1 61. Rxc5 Ra1 62. Re5 Kh7 63. Kf7 Ra7+ 64. Re7
Ra6 65. f6 Rb6 66. Rd7 Ra6 67. Ke8+ Kg6 68. f7 Ra8+ 69. Ke7 Kg7 70. Rb7 Rf8 71.
Ke6 1/2-1/2

[Event "V Weekend"]
[Site "Rivarolo Mantovano ITA"]
[Date "2007.10.13"]
[Round "2"]
[White "Pipitone, Antonio"]
[Black "Zuccaro, Guido"]
[Result "1-0"]
[WhiteElo "2028"]
[BlackElo "1836"]
[PlyCount "59"]
[EventDate "2007.10.12"]

1. e4 e6 2. d4 d5 3. Nc3 Bb4 4. e5 c5 5. a3 Bxc3+ 6. bxc3 Ne7 7. Nf3 Qc7 8. Be2
Nbc6 9. O-O Bd7 10. a4 O-O 11. Ba3 cxd4 12. cxd4 Rfc8 13. Bd6 Qa5 14. Bd3 h6
15. Qc1 Nf5 16. Bxf5 exf5 17. Qa3 a6 18. Rfb1 b6 19. Qb3 b5 20. axb5 Qxb5 21.
Qa2 Qc4 22. Qxc4 dxc4 23. d5 Nd8 24. c3 Bb5 25. Nd4 f4 26. e6 fxe6 27. dxe6 Be8
28. Bxf4 Bg6 29. Rb6 a5 30. e7 1-0

[Event "V Weekend"]
[Site "Rivarolo Mantovano ITA"]
[Date "2007.10.13"]
[Round "2"]
[White "Salami, Marco"]
[Black "Vitiello, Luigi"]
[Result "1-0"]
[WhiteElo "2225"]
[BlackElo "1383"]
[PlyCount "67"]
[EventDate "2007.10.12"]

1. e4 e5 2. f4 Nf6 3. fxe5 Nxe4 4. Nf3 Ng5 5. d4 Be7 6. Bd3 O-O 7. O-O d5 8.
exd6 Nxf3+ 9. Qxf3 Qxd6 10. c3 Nd7 11. Bf4 Qf6 12. Qe4 Qg6 13. Qe2 Qe6 14. Qxe6
fxe6 15. Bxc7 Bf6 16. Bc4 Nb8 17. Nd2 Nc6 18. Rae1 Rf7 19. Rxe6 Bxe6 20. Bxe6
Raf8 21. Ne4 Kh8 22. Bxf7 Rxf7 23. Bg3 Nxd4 24. cxd4 Bxd4+ 25. Bf2 Bxb2 26.
Bxa7 Rxf1+ 27. Kxf1 Kg8 28. Bb6 Be5 29. g3 Kf7 30. Ke2 Ke7 31. Kd3 Kd7 32. Bd4
Bxd4 33. Kxd4 h6 34. Kd5 1-0

[Event "V Weekend"]
[Site "Rivarolo Mantovano ITA"]
[Date "2007.10.13"]
[Round "2"]
[White "Stradiotti, Maurizio"]
[Black "Pellizzari, Marco"]
[Result "1-0"]
[WhiteElo "1668"]
[BlackElo "1440"]
[PlyCount "101"]
[EventDate "2007.10.12"]

1. d4 Nf6 2. Nf3 g6 3. Nbd2 d5 4. c3 Bg7 5. e3 O-O 6. Bd3 Bg4 7. h3 Bd7 8. Qc2
b6 9. e4 c5 10. e5 c4 11. Be2 Nh5 12. Nf1 Bf5 13. Qd1 Bd3 14. g4 Bxe2 15. Qxe2
Nf6 16. exf6 exf6 17. Be3 Re8 18. O-O-O Bh6 19. Qd2 Bxe3 20. Nxe3 b5 21. Nc2
Nc6 22. a3 Na5 23. Kb1 Nb3 24. Qf4 Kg7 25. g5 Re4 26. Qg3 a5 27. gxf6+ Qxf6 28.
Ne5 b4 29. cxb4 axb4 30. Nxb4 Qf5 31. Ka2 Qc8 32. Nxd5 Rxa3+ 33. bxa3 Re2+ 34.
Kb1 Qf5+ 35. Nd3 cxd3 36. Qxd3 Nd2+ 37. Rxd2 Rxd2 38. Qxf5 gxf5 39. Rg1+ Kf8
40. Ne3 Rxf2 41. Rf1 Rxf1+ 42. Nxf1 Ke7 43. Kc2 Ke6 44. Kd3 Kd5 45. a4 Kc6 46.
Kc4 f4 47. d5+ Kc7 48. Kc5 f3 49. d6+ Kd7 50. a5 Kc8 51. Kc6 1-0

[Event "V Weekend"]
[Site "Rivarolo Mantovano ITA"]
[Date "2007.10.13"]
[Round "2"]
[White "Vicentini, Giovanni"]
[Black "Porpora, Ivano"]
[Result "1/2-1/2"]
[WhiteElo "1365"]
[BlackElo "1521"]
[PlyCount "89"]
[EventDate "2007.10.12"]

1. d4 Nf6 2. c4 g6 3. Nc3 Bg7 4. Bg5 O-O 5. Nf3 d6 6. e3 Nbd7 7. Be2 c5 8. O-O
h6 9. Bh4 g5 10. Bg3 Nh5 11. dxc5 Nxg3 12. hxg3 Nxc5 13. Nd4 f5 14. Rb1 Qc7 15.
b4 Ne6 16. Nxe6 Bxe6 17. Nd5 Qd7 18. Qd2 Rac8 19. Rfc1 Bxd5 20. Qxd5+ e6 21.
Qd1 Bf6 22. c5 Rcd8 23. cxd6 Qxd6 24. Qxd6 Rxd6 25. Rc7 Rf7 26. Rbc1 Bd8 27.
Rxf7 Kxf7 28. Rd1 Ke7 29. Kf1 Kd7 30. Ke1 Bf6 31. Rxd6+ Kxd6 32. Kd2 a6 33. g4
b5 34. gxf5 exf5 35. Bf3 Kc7 36. Bd5 Be5 37. g3 f4 38. gxf4 gxf4 39. Bf3 Kb6
40. Kc2 Bd6 41. Kc3 a5 42. a3 axb4+ 43. axb4 Be5+ 44. Kd3 Bb2 45. Kc2 1/2-1/2

[Event "V Weekend"]
[Site "Rivarolo Mantovano ITA"]
[Date "2007.10.13"]
[Round "3"]
[White "Acciaioli, Fabio"]
[Black "De Palma, Fabrizio"]
[Result "0-1"]
[WhiteElo "1754"]
[BlackElo "1972"]
[PlyCount "64"]
[EventDate "2007.10.12"]

1. e4 c5 2. Nc3 e6 3. f4 Nc6 4. Nf3 g6 5. d3 Bg7 6. g3 Nge7 7. Bg2 O-O 8. O-O
d5 9. e5 a6 10. a4 Qc7 11. Bd2 Bd7 12. g4 f6 13. exf6 Rxf6 14. Qc1 Rff8 15. Kh1
Rac8 16. Re1 Nd4 17. Ne2 Nxf3 18. Bxf3 e5 19. Nc3 Bc6 20. Rf1 exf4 21. Qe1 Rce8
22. Qh4 Qd6 23. Rae1 h6 24. Qh3 g5 25. Qg2 Kh8 26. Re2 Ng6 27. Be1 Ne5 28. Bf2
Nxf3 29. Qxf3 Bxc3 30. bxc3 Rxe2 31. Qxe2 d4+ 32. Kg1 Re8 0-1

[Event "V Weekend"]
[Site "Rivarolo Mantovano ITA"]
[Date "2007.10.13"]
[Round "3"]
[White "Bonade', Massimo"]
[Black "Salami, Marco"]
[Result "1/2-1/2"]
[WhiteElo "2168"]
[BlackElo "2225"]
[PlyCount "62"]
[EventDate "2007.10.12"]

1. d4 f5 2. g3 Nf6 3. Bg2 g6 4. Nf3 Bg7 5. O-O O-O 6. c4 d6 7. Nc3 c6 8. d5 e5
9. dxe6 Bxe6 10. b3 Na6 11. Bb2 Qe7 12. Ng5 Bd7 13. Qc2 Rad8 14. Rad1 Bc8 15.
Rfe1 h6 16. Nh3 Qf7 17. Nf4 Nb4 18. Qc1 Ng4 19. a3 Na6 20. Rd2 g5 21. Nd3 Ne5
22. Nxe5 dxe5 23. Red1 Rxd2 24. Qxd2 Nc5 25. b4 Nb3 26. Qd6 Nd4 27. e3 Ne6 28.
b5 f4 29. Ne4 Qf5 30. Qd2 Nd8 31. Nd6 Qg4 1/2-1/2

[Event "V Weekend"]
[Site "Rivarolo Mantovano ITA"]
[Date "2007.10.13"]
[Round "3"]
[White "Bozuffi, Italo"]
[Black "De Biaggi, Paolo"]
[Result "1-0"]
[WhiteElo "1882"]
[BlackElo "1949"]
[PlyCount "143"]
[EventDate "2007.10.12"]

1. f4 f5 2. e4 fxe4 3. d3 Nf6 4. dxe4 Nxe4 5. Qh5+ g6 6. Qe5 Nf6 7. Bd3 d6 8.
Qg5 Qd7 9. Nc3 Qg4 10. Be3 Qxg5 11. fxg5 Nfd7 12. Nd5 Kd8 13. Nf3 Nb6 14. Nxb6
axb6 15. O-O Bg7 16. c3 Nc6 17. a3 Be6 18. Rae1 Ne5 19. Nxe5 Bxe5 20. Bf4 Bxf4
21. Rxf4 Kd7 22. Rfe4 Bd5 23. Rxe7+ Kc6 24. c4 Bg8 25. Be4+ d5 26. Bxd5+ Bxd5
27. cxd5+ Kd6 28. Rf7 Ra5 29. Ree7 Rxd5 30. Rd7+ Kc6 31. Rxc7+ Kb5 32. h4 Rd4
33. Rxb7 Rxh4 34. Rf6 Rd8 35. Rbxb6+ Kc5 36. b4+ Kc4 37. Rbc6+ Kb3 38. Rf3+ Ka4
39. Ra6+ Kb5 40. Ra5+ Kc4 41. Rc5+ Kd4 42. Rf1 Ra8 43. Rd1+ Ke3 44. Rc3+ Ke2
45. Rf1 Rg4 46. Rf2+ Kd1 47. Rb3 Kc1 48. Re3 Rd4 49. Re1+ Rd1 50. Rff1 Rxe1 51.
Rxe1+ Kb2 52. b5 Rxa3 53. Re2+ Kc1 54. Re8 Rb3 55. Rb8 Kb2 56. Kf2 Ka3 57. Rb7
Ka4 58. b6 Ka5 59. Rxh7 Rxb6 60. Rg7 Kb5 61. Rf7 Kc5 62. Ke3 Re6+ 63. Kf4 Kd5
64. Rd7+ Kc6 65. Rd4 Re2 66. g3 Re7 67. Ra4 Kd5 68. Ra5+ Kd4 69. Ra6 Rg7 70.
Rd6+ Kc5 71. Ke5 Rg8 72. Re6 1-0

[Event "V Weekend"]
[Site "Rivarolo Mantovano ITA"]
[Date "2007.10.13"]
[Round "3"]
[White "Buccella, Francescantonio"]
[Black "Brugaletta, Giorgio"]
[Result "1-0"]
[WhiteElo "1509"]
[BlackElo "1518"]
[PlyCount "59"]
[EventDate "2007.10.12"]

1. e4 c5 2. Nf3 e6 3. c3 a6 4. Be2 Nc6 5. O-O Qc7 6. d4 cxd4 7. cxd4 Nf6 8. Qc2
Be7 9. Bg5 h6 10. Bh4 d5 11. Nbd2 Bd7 12. e5 Ne4 13. Bxe7 Kxe7 14. Nxe4 dxe4
15. Qxe4 Qb6 16. Qh4+ f6 17. exf6+ gxf6 18. b3 Rag8 19. Bc4 Nd8 20. Rfe1 Nf7
21. Bxe6 Bxe6 22. d5 Ng5 23. Nxg5 hxg5 24. Qg3 Kf7 25. dxe6+ Kg6 26. Qd3+ f5
27. g4 Kg7 28. Qd7+ Kh6 29. e7 fxg4 30. Re6+ 1-0

[Event "V Weekend"]
[Site "Rivarolo Mantovano ITA"]
[Date "2007.10.13"]
[Round "3"]
[White "Cottarelli, Franco"]
[Black "Boni, Gianni"]
[Result "1/2-1/2"]
[WhiteElo "1954"]
[BlackElo "1730"]
[PlyCount "46"]
[EventDate "2007.10.12"]

1. b4 b6 2. c4 Bb7 3. Bb2 e6 4. e3 Nf6 5. a3 d6 6. Nf3 Nbd7 7. Be2 Be7 8. Nc3
O-O 9. O-O a6 10. Rc1 c5 11. d3 Qc7 12. Nd2 Rac8 13. Re1 Rfd8 14. f4 Bf8 15.
Bf3 g6 16. Bxb7 Qxb7 17. Nce4 Nxe4 18. Nxe4 Qc6 19. Qg4 Bg7 20. Bxg7 Kxg7 21.
Qh4 d5 22. cxd5 exd5 23. Ng3 Qf6 1/2-1/2

[Event "V Weekend"]
[Site "Rivarolo Mantovano ITA"]
[Date "2007.10.13"]
[Round "3"]
[White "Menini, Luca"]
[Black "Raisi, Michele"]
[Result "1-0"]
[WhiteElo "1616"]
[BlackElo "1441"]
[PlyCount "89"]
[EventDate "2007.10.12"]

1. e4 e5 2. Nf3 Nc6 3. d4 exd4 4. Nxd4 Bc5 5. Nxc6 Qf6 6. f3 Qxc6 7. Nc3 a6 8.
Bf4 Bb4 9. Qd4 Bxc3+ 10. bxc3 Nf6 11. Qe5+ Kd8 12. Qd4 Re8 13. Be2 h6 14. O-O
Nh5 15. Be3 Qf6 16. Bc4 Qxd4 17. cxd4 Rf8 18. g4 Nf6 19. e5 Ng8 20. d5 b5 21.
Bb3 d6 22. exd6 cxd6 23. Bb6+ Kd7 24. a4 Bb7 25. Rfe1 Ne7 26. Rad1 f5 27. h3
fxg4 28. fxg4 Rf3 29. Re3 Raf8 30. Rxf3 Rxf3 31. Kg2 Rf8 32. axb5 axb5 33. c4
bxc4 34. Bxc4 Rf4 35. Bb5+ Nc6 36. dxc6+ Bxc6+ 37. Bxc6+ Kxc6 38. Be3 Re4 39.
Kf3 Re6 40. h4 Kd7 41. Rd4 Rf6+ 42. Rf4 Ke6 43. Rxf6+ Kxf6 44. Ke4 Ke6 45. h5
1-0

[Event "V Weekend"]
[Site "Rivarolo Mantovano ITA"]
[Date "2007.10.13"]
[Round "3"]
[White "Moi, Roberto"]
[Black "Pipitone, Antonio"]
[Result "0-1"]
[WhiteElo "1939"]
[BlackElo "2028"]
[PlyCount "56"]
[EventDate "2007.10.12"]

1. e4 c5 2. Nf3 d6 3. d4 cxd4 4. Nxd4 Nf6 5. Nc3 Nc6 6. Bg5 e6 7. Qd2 a6 8.
O-O-O h6 9. Be3 Be7 10. f4 Qc7 11. Be2 Bd7 12. Bf3 Nxd4 13. Bxd4 e5 14. Be3 Bc6
15. Qf2 b5 16. fxe5 dxe5 17. Qg3 g5 18. Nd5 Bxd5 19. exd5 Rc8 20. Rd2 g4 21. d6
Bxd6 22. Qh4 Be7 23. Bg5 gxf3 24. Bxf6 fxg2 25. Rg1 Qb6 26. Rdxg2 Bxf6 27. Rg8+
Ke7 28. Qb4+ Qd6 0-1

[Event "V Weekend"]
[Site "Rivarolo Mantovano ITA"]
[Date "2007.10.13"]
[Round "3"]
[White "Porpora, Ivano"]
[Black "La Venia, Stefano"]
[Result "1-0"]
[WhiteElo "1521"]
[BlackElo "1808"]
[PlyCount "49"]
[EventDate "2007.10.12"]

1. e4 c5 2. Nf3 Nc6 3. d4 cxd4 4. Nxd4 g6 5. Nc3 Bg7 6. Be3 d6 7. Qd2 a6 8. a4
Qc7 9. Nd5 Qd8 10. Nxc6 bxc6 11. Bb6 Qd7 12. Nc7+ Kf8 13. Nxa8 Qb7 14. Bd4 e5
15. Bc5 Qxa8 16. Qxd6+ Ke8 17. Bc4 Qb7 18. O-O-O Qd7 19. Bxf7+ Kxf7 20. Qxd7+
Bxd7 21. Rxd7+ Kf6 22. Rc7 Bh6+ 23. Kb1 Ke6 24. Rd1 Kf6 25. h4 1-0

[Event "V Weekend"]
[Site "Rivarolo Mantovano ITA"]
[Date "2007.10.13"]
[Round "3"]
[White "Stradiotti, Maurizio"]
[Black "Caldonazzo, Matteo"]
[Result "0-1"]
[WhiteElo "1668"]
[BlackElo "1389"]
[PlyCount "98"]
[EventDate "2007.10.12"]

1. d4 Nf6 2. Nf3 e6 3. Bg5 d5 4. e3 Nbd7 5. Nbd2 c5 6. c3 Be7 7. Bd3 O-O 8. O-O
h6 9. Bf4 Nh5 10. Be5 Nxe5 11. Nxe5 Nf6 12. f4 Bd7 13. Rf3 Bd6 14. Rh3 Nh7 15.
Ndf3 f5 16. g4 fxg4 17. Bxh7+ Kxh7 18. Ng5+ Kg8 19. Qxg4 Bxe5 20. dxe5 hxg5 21.
fxg5 Rf5 22. Rg3 g6 23. Qh4 Qe7 24. e4 Rxe5 25. Rf1 Rxe4 26. Qh6 Qg7 27. Rf6
Qxh6 28. gxh6 Be8 29. Rh3 Kh7 30. Rf8 Rg4+ 31. Kf2 Rg5 32. Re3 Rf5+ 33. Rxf5
exf5 34. Re7+ Kxh6 35. Rxb7 Kg5 36. Rh7 Kf6 37. Ke3 Bf7 38. b3 Re8+ 39. Kf3 d4
40. cxd4 cxd4 41. Rh4 Bd5+ 42. Kf2 Re4 43. Rh3 Ke5 44. Rg3 Rf4+ 45. Ke2 Ke4 46.
Rxg6 d3+ 47. Ke1 Ke3 48. Rg1 d2+ 49. Kd1 Bf3+ 0-1

[Event "V Weekend"]
[Site "Rivarolo Mantovano ITA"]
[Date "2007.10.13"]
[Round "3"]
[White "Trangoni, Bruno"]
[Black "Panizzi, Giuseppe"]
[Result "1-0"]
[WhiteElo "1983"]
[BlackElo "2131"]
[PlyCount "90"]
[EventDate "2007.10.12"]

1. Nf3 Nf6 2. d4 g6 3. Bf4 Bg7 4. e3 c5 5. c3 O-O 6. Be2 Qb6 7. Qc2 d5 8. Nbd2
Bg4 9. dxc5 Qxc5 10. Qb3 Qc8 11. Nd4 Bd7 12. O-O Nc6 13. Rac1 Re8 14. c4 dxc4
15. Bxc4 Rf8 16. Rfd1 Nh5 17. Bg5 Qd8 18. Nb5 Rc8 19. Qa3 h6 20. Bh4 g5 21. Be2
Nf6 22. Bg3 e6 23. Nc3 e5 24. Nc4 Qe7 25. Qxe7 Nxe7 26. Bxe5 Be6 27. Nd6 Rb8
28. Bf3 b5 29. b3 Nd7 30. Bg3 Be5 31. Nde4 Bxg3 32. hxg3 Kg7 33. Ne2 Ne5 34.
Nd4 Nxf3+ 35. gxf3 Rb6 36. Rc7 Ng6 37. Nxe6+ Rxe6 38. Nc5 Re7 39. Rxe7 Nxe7 40.
Rd7 Re8 41. Na6 Nc6 42. Rd5 Rb8 43. Nc7 b4 44. Rc5 Rb6 45. Kf1 Kf6 1-0

[Event "V Weekend"]
[Site "Rivarolo Mantovano ITA"]
[Date "2007.10.13"]
[Round "3"]
[White "Varotti, Stefano"]
[Black "Pellizzari, Marco"]
[Result "1/2-1/2"]
[WhiteElo "1563"]
[BlackElo "1440"]
[PlyCount "81"]
[EventDate "2007.10.12"]

1. e4 e5 2. Nf3 Nc6 3. Bb5 Nf6 4. O-O d6 5. Re1 Bg4 6. d4 a6 7. Bxc6+ bxc6 8.
dxe5 Bxf3 9. Qxf3 dxe5 10. Rd1 Qc8 11. Bg5 Be7 12. Nd2 O-O 13. Nc4 Qe6 14. Ne3
Nd7 15. Bxe7 Qxe7 16. Qg4 Nf6 17. Qg5 h6 18. Nf5 hxg5 19. Nxe7+ Kh7 20. Nxc6
Rfe8 21. f3 Re6 22. Nb4 g4 23. c4 c5 24. Nd5 gxf3 25. gxf3 Nxd5 26. cxd5 Rg6+
27. Kf2 Rd6 28. Rac1 Rc8 29. Rd2 Rh6 30. Ke3 Rb6 31. b3 Rb5 32. d6 Rd8 33. Rd5
f6 34. Kd3 Kg8 35. Kc4 Kf7 36. Rxc5 Rxc5+ 37. Kxc5 Rc8+ 38. Kb6 Rxc1 39. Kxa6
Ke6 40. Kb5 Ra1 41. a4 1/2-1/2

[Event "V Weekend"]
[Site "Rivarolo Mantovano ITA"]
[Date "2007.10.13"]
[Round "3"]
[White "Vitiello, Luigi"]
[Black "Mantovani, Celso"]
[Result "1-0"]
[WhiteElo "1383"]
[BlackElo "1260"]
[PlyCount "47"]
[EventDate "2007.10.12"]

1. Nf3 d5 2. c4 e6 3. d4 dxc4 4. e4 Nf6 5. Nc3 Bb4 6. Qa4+ Nc6 7. Bg5 O-O 8. e5
a6 9. exf6 gxf6 10. Be3 e5 11. Bxc4 Kg7 12. d5 Bd7 13. dxc6 Bxc6 14. Qxb4 b6
15. O-O Qe8 16. Ne2 Kh8 17. Bh6 Rg8 18. Ng3 Qd7 19. Rad1 Qg4 20. Qc3 Rg6 21.
Nxe5 Qh5 22. Rd4 Qxh6 23. Nxf7+ Kg7 24. Nxh6 1-0

[Event "V Weekend"]
[Site "Rivarolo Mantovano ITA"]
[Date "2007.10.13"]
[Round "3"]
[White "Zuccaro, Guido"]
[Black "Benedetti, Maurizio"]
[Result "1-0"]
[WhiteElo "1836"]
[BlackElo "1493"]
[PlyCount "51"]
[EventDate "2007.10.12"]

1. c4 e5 2. Nc3 Nf6 3. g3 d5 4. cxd5 Nxd5 5. Bg2 Be6 6. Qa4+ c6 7. Nf3 Nd7 8.
O-O N7b6 9. Qe4 f6 10. d4 Nxc3 11. bxc3 Bd5 12. Qc2 exd4 13. Nxd4 Bxg2 14. Kxg2
Qd5+ 15. e4 Qf7 16. Bf4 O-O-O 17. a4 Bd6 18. Bxd6 Rxd6 19. Nf5 Rd7 20. a5 Nc4
21. a6 b5 22. Nd4 c5 23. Nxb5 Rd2 24. Qxd2 Nxd2 25. Nd6+ Kc7 26. Nxf7 1-0

[Event "V Weekend"]
[Site "Rivarolo Mantovano ITA"]
[Date "2007.10.14"]
[Round "4"]
[White "Acciaioli, Fabio"]
[Black "Porpora, Ivano"]
[Result "1-0"]
[WhiteElo "1754"]
[BlackElo "1521"]
[PlyCount "75"]
[EventDate "2007.10.12"]

1. e4 g6 2. d4 Bg7 3. c4 d6 4. Nc3 Nf6 5. Be2 O-O 6. Nf3 e5 7. d5 Nbd7 8. Bg5
a6 9. Nd2 h6 10. Bh4 g5 11. Bg3 Nb6 12. b4 Ne8 13. c5 Nd7 14. Nb3 f5 15. exf5
Rxf5 16. Bg4 Rf8 17. Be6+ Kh8 18. h4 g4 19. Bxg4 Ndf6 20. Be2 Bf5 21. Rc1 Ne4
22. Nxe4 Bxe4 23. O-O dxc5 24. Nxc5 Qxd5 25. Qxd5 Bxd5 26. Nd7 Rg8 27. Nxe5 Bf6
28. Bc4 Rd8 29. Nf7+ Bxf7 30. Bxf7 Rf8 31. Bxe8 Rdxe8 32. Rxc7 Re2 33. Rxb7
Rxa2 34. Rd7 Bc3 35. Rc1 Bxb4 36. Be5+ Kg8 37. Rg7+ Kh8 38. Rg4+ 1-0

[Event "V Weekend"]
[Site "Rivarolo Mantovano ITA"]
[Date "2007.10.14"]
[Round "4"]
[White "Boni, Gianni"]
[Black "Zuccaro, Guido"]
[Result "1-0"]
[WhiteElo "1730"]
[BlackElo "1836"]
[PlyCount "69"]
[EventDate "2007.10.12"]

1. b3 d5 2. Bb2 e6 3. e3 Nf6 4. d3 Bd6 5. Nf3 O-O 6. Nbd2 c5 7. Ne5 Qc7 8. f4
Nc6 9. Nxc6 Qxc6 10. Qf3 Be7 11. Be2 b5 12. h4 Bb7 13. h5 h6 14. Qg3 d4 15. e4
a5 16. Bf3 Qc7 17. Qh2 Kh7 18. Ke2 Rad8 19. Rhg1 Ba6 20. e5 Ng8 21. g4 c4 22.
Be4+ Kh8 23. Bc1 cxd3+ 24. Bxd3 Bb4 25. Ne4 Bb7 26. Qg3 f6 27. Rg2 fxe5 28.
fxe5 Rd7 29. Rf2 Rdf7 30. Rxf7 Rxf7 31. g5 Rf5 32. Bf4 Rf7 33. gxh6 Bf8 34. Nd6
Rxf4 35. Qxf4 1-0

[Event "V Weekend"]
[Site "Rivarolo Mantovano ITA"]
[Date "2007.10.14"]
[Round "4"]
[White "Brugaletta, Giorgio"]
[Black "Stradiotti, Maurizio"]
[Result "0-1"]
[WhiteElo "1518"]
[BlackElo "1668"]
[PlyCount "72"]
[EventDate "2007.10.12"]

1. d4 e6 2. e4 d5 3. e5 c5 4. c3 Nc6 5. Nf3 Qb6 6. Be2 Nge7 7. O-O cxd4 8. cxd4
Nf5 9. Be3 Qxb2 10. Nbd2 Nfxd4 11. Kh1 Nxe2 12. Qxe2 Qb4 13. Nb3 Qe4 14. Qd2
Bb4 15. Qd1 Qg4 16. Rc1 O-O 17. Nbd4 Nxd4 18. Bxd4 Bd7 19. Qb3 Bd2 20. Nxd2
Qxd4 21. Nf3 Qb6 22. Qc3 Rac8 23. Qd2 h6 24. Rb1 Qa6 25. Rfe1 Rc7 26. Rb4 Rc4
27. Rbb1 Rfc8 28. h3 Rc2 29. Qf4 Rxf2 30. g4 Rc3 31. g5 Rcxf3 32. Qg4 Rf1+ 33.
Rxf1 Rxf1+ 34. Kg2 Qxa2+ 35. Kxf1 Qxb1+ 36. Kg2 Qe4+ 0-1

[Event "V Weekend"]
[Site "Rivarolo Mantovano ITA"]
[Date "2007.10.14"]
[Round "4"]
[White "Caldonazzo, Matteo"]
[Black "Trangoni, Bruno"]
[Result "0-1"]
[WhiteElo "1389"]
[BlackElo "1983"]
[PlyCount "112"]
[EventDate "2007.10.12"]

1. e4 g6 2. d4 Bg7 3. Nf3 d6 4. Nc3 a6 5. Be2 b5 6. a3 Bb7 7. Qd3 Nd7 8. Bf4 c5
9. O-O Ngf6 10. d5 c4 11. Qd2 O-O 12. Bh6 Nc5 13. Bxg7 Kxg7 14. Qf4 Qd7 15. Nd2
e6 16. dxe6 fxe6 17. Qe3 Rac8 18. f3 d5 19. Qd4 e5 20. Qxe5 d4 21. Nd5 Bxd5 22.
exd5 Rfe8 23. Qxd4 Rxe2 24. Rfe1 Qxd5 25. Qxd5 Rxe1+ 26. Rxe1 Nxd5 27. Ne4 Nxe4
28. fxe4 Re8 29. Kf2 Nf6 30. Kf3 h5 31. e5 Ng4 32. Kf4 Nxh2 33. Ke4 Ng4 34. Kd5
Kf7 35. Kd6 Re6+ 36. Kd5 Ke7 37. Kd4 g5 38. Kd5 h4 39. Re4 Nh6 40. Kd4 g4 41.
Re1 Nf7 42. Rh1 Rh6 43. Ke4 h3 44. gxh3 Rxh3 45. Rd1 g3 46. Rg1 Ke6 47. Kf4 Nh6
48. Rxg3 Rxg3 49. Kxg3 Kxe5 50. Kf3 Nf5 51. c3 Nd6 52. Ke3 Nb7 53. Kd2 Nc5 54.
Kc2 Ke4 55. Kc1 Kd3 56. Kd1 Nb3 0-1

[Event "V Weekend"]
[Site "Rivarolo Mantovano ITA"]
[Date "2007.10.14"]
[Round "4"]
[White "De Biaggi, Paolo"]
[Black "Bonade', Massimo"]
[Result "1-0"]
[WhiteElo "1949"]
[BlackElo "2168"]
[PlyCount "73"]
[EventDate "2007.10.12"]

1. e4 c5 2. b3 d6 3. Bb2 e6 4. f4 Nf6 5. Qf3 Be7 6. g4 O-O 7. g5 Nfd7 8. h4 Nc6
9. Ne2 b5 10. Bg2 Re8 11. Qc3 Bf8 12. a3 a5 13. Qg3 Bb7 14. d3 d5 15. Nd2 a4
16. h5 Nb6 17. g6 fxg6 18. hxg6 h6 19. Nf3 axb3 20. cxb3 d4 21. Ng5 c4 22. Nf7
Qd7 23. Bh3 cxb3 24. Rc1 Na4 25. Rb1 Nxb2 26. Rxb2 Rxa3 27. Nc1 Na5 28. O-O Bb4
29. f5 exf5 30. exf5 Re3 31. Qh4 Qe7 32. f6 Qc7 33. Nxh6+ gxh6 34. f7+ Kf8 35.
g7+ Kxg7 36. Qf6+ Kf8 37. Qxh6+ 1-0

[Event "V Weekend"]
[Site "Rivarolo Mantovano ITA"]
[Date "2007.10.14"]
[Round "4"]
[White "De Palma, Fabrizio"]
[Black "Vitiello, Luigi"]
[Result "1-0"]
[WhiteElo "1972"]
[BlackElo "1383"]
[PlyCount "101"]
[EventDate "2007.10.12"]

1. e4 e5 2. Nf3 Nc6 3. Bb5 Nf6 4. Qe2 a6 5. Bxc6 dxc6 6. O-O Bg4 7. h3 Bxf3 8.
Qxf3 Be7 9. d3 O-O 10. Be3 Nd7 11. d4 c5 12. dxe5 Nxe5 13. Qe2 Bd6 14. Nd2 Qc8
15. Rad1 Qe6 16. f4 Nc6 17. Qc4 Qxc4 18. Nxc4 Be7 19. Rd7 Rac8 20. c3 b5 21.
Na5 Rfd8 22. Rxd8+ Nxd8 23. Rd1 Kf8 24. Nb3 c4 25. Nc5 Bxc5 26. Bxc5+ Ke8 27.
f5 Nb7 28. Bf2 Rd8 29. Rxd8+ Kxd8 30. Bd4 Nd6 31. f6 gxf6 32. Bxf6+ Kd7 33. e5
Ne8 34. Bh8 Ke6 35. Kf2 f6 36. exf6 Nxf6 37. Bxf6 Kxf6 38. Kf3 a5 39. Kf4 c5
40. g4 b4 41. h4 a4 42. a3 h6 43. g5+ hxg5+ 44. hxg5+ Kg6 45. Kg4 b3 46. Kf4
Kg7 47. Ke5 Kg6 48. Kd5 Kxg5 49. Kxc5 Kf5 50. Kxc4 Ke5 51. Kb4 1-0

[Event "V Weekend"]
[Site "Rivarolo Mantovano ITA"]
[Date "2007.10.14"]
[Round "4"]
[White "La Venia, Stefano"]
[Black "Mantovani, Celso"]
[Result "1-0"]
[WhiteElo "1808"]
[BlackElo "1260"]
[PlyCount "33"]
[EventDate "2007.10.12"]

1. e4 e5 2. f4 Nc6 3. Nf3 d6 4. Bc4 Qf6 5. O-O exf4 6. d4 g5 7. e5 Qg7 8. Nxg5
Qxg5 9. Bxf7+ Kxf7 10. Rxf4+ Ke7 11. Rf7+ Kxf7 12. Bxg5 Kg6 13. Bf4 Bf5 14. g4
Be6 15. d5 Nxe5 16. dxe6 Nxg4 17. Qxg4+ 1-0